|
|
|
|
| LEADER |
00000cam a22000004a 4500 |
| 001 |
musev2_63170 |
| 003 |
MdBmJHUP |
| 005 |
20230905050512.0 |
| 006 |
m o d |
| 007 |
cr||||||||nn|n |
| 008 |
180420t20182018mnu o 00 0 eng d |
| 010 |
|
|
|z 2018004434
|
| 020 |
|
|
|a 9781681340913
|
| 020 |
|
|
|z 1681340909
|
| 020 |
|
|
|z 1681340917
|
| 020 |
|
|
|z 9781681340906
|
| 035 |
|
|
|a (OCoLC)1132226135
|
| 040 |
|
|
|a MdBmJHUP
|c MdBmJHUP
|
| 100 |
1 |
|
|a Case, Martin,
|d 1957-
|e author.
|
| 245 |
1 |
4 |
|a Relentless Business of Treaties :
|b How Indigenous Land Became US Property /
|c Martin Case.
|
| 264 |
|
1 |
|a St. Paul, MN :
|b Minnesota Historical Society Press,
|c [2018]
|
| 264 |
|
3 |
|a Baltimore, Md. :
|b Project MUSE,
|c 2020
|
| 264 |
|
4 |
|c ©[2018]
|
| 300 |
|
|
|a 1 online resource (224 pages):
|b illustrations ;
|
| 336 |
|
|
|a text
|b txt
|2 rdacontent
|
| 337 |
|
|
|a computer
|b c
|2 rdamedia
|
| 338 |
|
|
|a online resource
|b cr
|2 rdacarrier
|
| 505 |
0 |
|
|a Speculators -- Traders -- Men of industry -- Political and personal boundaries -- Bureaucrats -- Mythmakers.
|
| 520 |
|
|
|a The United States was the first country to be founded with private property as an organizing principle. The westward growth of the U.S.--the business of territory making--was essentially the expansion of a system of property. This required supplanting any other relationships to the landscape, not on an individual level, but as an organizing principle. The U.S. enterprise was so successful that today it can be difficult for Americans to think of land as anything other than real estate. This book explores how making treaties for land cessions with Native American nations transformed human relationships to the land and became a profitable family business--for speculators, traders, industrialists, politicians, bureaucrats, and journalists--Provided by publisher.
|
| 588 |
|
|
|a Description based on print version record.
|
| 650 |
|
7 |
|a Völkerrechtlicher Vertrag
|2 gnd
|
| 650 |
|
7 |
|a Indianer
|2 gnd
|
| 650 |
|
7 |
|a Gebietsverlust
|2 gnd
|
| 650 |
|
7 |
|a Territorial expansion.
|2 fast
|0 (OCoLC)fst01355135
|
| 650 |
|
7 |
|a Indians of North America
|x Government relations.
|2 fast
|0 (OCoLC)fst00969761
|
| 650 |
|
7 |
|a Indians
|x Land tenure.
|2 fast
|0 (OCoLC)fst00969363
|
| 650 |
|
7 |
|a Indians.
|2 fast
|0 (OCoLC)fst00969307
|
| 650 |
|
7 |
|a HISTORY
|z United States
|x State & Local
|x Midwest (IA, IL, IN, KS, MI, MN, MO, ND, NE, OH, SD, WI)
|2 bisacsh
|
| 650 |
|
6 |
|a Indiens d'Amerique
|z États-Unis
|x Relations avec l'État
|y 1869-1934.
|
| 650 |
|
6 |
|a Indiens d'Amerique
|z États-Unis
|x Relations avec l'État
|y 1789-1869.
|
| 650 |
|
6 |
|a Indiens d'Amerique
|x Terres.
|
| 650 |
|
6 |
|a Indiens d'Amerique
|v Traites.
|
| 650 |
|
0 |
|a Indian land transfers.
|
| 650 |
|
0 |
|a Indians of North America
|x Land tenure.
|
| 650 |
|
0 |
|a Indians of North America
|x Government relations
|y 1869-1934.
|
| 650 |
|
0 |
|a Indians of North America
|x Government relations
|y 1789-1869.
|
| 650 |
|
0 |
|a Indians
|x Land tenure.
|
| 650 |
|
0 |
|a Indians
|v Treaties.
|
| 651 |
|
7 |
|a USA
|2 gnd
|
| 651 |
|
7 |
|a United States.
|2 fast
|0 (OCoLC)fst01204155
|
| 651 |
|
6 |
|a États-Unis
|x Expansion territoriale.
|
| 651 |
|
0 |
|a United States
|x Colonial question.
|
| 651 |
|
0 |
|a United States
|x Territorial expansion.
|
| 655 |
|
7 |
|a Traites.
|2 rvmgf
|
| 655 |
|
7 |
|a Treaties.
|2 lcgft
|
| 655 |
|
7 |
|a Treaties.
|2 fast
|0 (OCoLC)fst01423868
|
| 655 |
|
7 |
|a Electronic books.
|2 local
|
| 710 |
2 |
|
|a Project Muse.
|e distributor
|
| 830 |
|
0 |
|a Book collections on Project MUSE.
|
| 856 |
4 |
0 |
|z Texto completo
|u https://projectmuse.uam.elogim.com/book/63170/
|
| 945 |
|
|
|a Project MUSE - Custom Collection
|
| 945 |
|
|
|a Project MUSE - 2018 History Supplement
|
| 945 |
|
|
|a Project MUSE - 2018 Native American and Indigenous Studies Supplement
|
| 945 |
|
|
|a Project MUSE - 2018 Complete Supplement
|